Bilecik Bilecik Bilecik Bilecik Bilecik

Elektrik makinaları dersleri : (Record no. 908)

MARC details
000 -BAŞLIK
Sabit Uzunluktaki Kontrol Alanı 01169nam a22003497a 4500
001 - KONTROL NUMARASI
Control Dosyası 0000913
003 - KONTROL NUMARASI KİMLİĞİ
Kontrol Alanı KOHA_MİRAKIL
005 - EN SON İŞLEM TARİHİ ve ZAMANI
Kontrol Alanı 20260207001223.0
007 - FİZİKSEL TANIM SABİT ALAN - GENEL BİLGİ
Sabit uzunluklu kontrol alanı ta
008 - SABİT UZUNLUKTAKİ VERİ ÖGELERİ - GENEL BİLGİ
Sabit Alan 081212b1988 tu |||gr||||#||||0|tur |
020 ## - ISBN - ULUSLARARASI STANDART KİTAP NUMARASI
Isbn 9754860556
Nitelik bilgileri (Tak.)
040 ## - KATALOGLAMA KAYNAĞI
Özgün Kataloglama Kurumu TR-BiSEU
Kataloglama Dili tur
Çeviri Kurumu TR-BiSEU
Açıklama Kuralları rda
041 0# - DİL KODU
Metin ya da ses kaydının dil kodu tur
044 ## - YAYINLAYAN/ÜRETEN KURULUŞUN ÜLKE KODU
ISO country code tu
050 ## - SINIFLAMA ve YER NUMARASI
Sınıflama Numarası TK2181
Yer Numarası .B63 1988
100 1# - KİŞİ ADI
Yazar Adı (Kişi adı) Boduroğlu, Turgut.
245 1# - ESER ADI BİLDİRİMİ
Başlık Elektrik makinaları dersleri :
Alt Eseradı vb. (teori, hesap ve konstrüksiyon)/
Sorumluluk Bildirimi Turgut Boduroğlu ; Turgut Boduroğlu.
250 ## - BASIM BİLDİRİMİ
Basım Bildirimi 4.bs.
264 #1 - ÜRERİM, YAYIN, DAĞITIM ve TELİF BİLDİRİMİ
Yayın yeri İstanbul :
Yayınlayan Beta
Yayın tarihi 1988
300 ## - FİZİKSEL TANIMLAMA
Sayfa, Cilt vb. 4 c.
336 ## - İÇERİK TÜRÜ
Content type term metin
Content type code txt
Source rdacontent
337 ## - MEDYA TÜRÜ
Media type term aracısız
Media type code n
Source rdamedia
338 ## - TAŞIYICI TÜRÜ
Carrier type term cilt
Carrier type code nc
Source rdacarrier
490 1# - DİZİ BİLDİRİMİ
Dizi Bildirimi Beta Yayınları ;
Cilt Numarası No.167.
490 1# - DİZİ BİLDİRİMİ
Dizi Bildirimi Teknik Dizi ;
Cilt Numarası No.3
500 ## - GENEL NOT
Genel Not İçindekiler : c.2.1- Döner alternatif akım makinalarına giriş. -- c.2.2- Asenkron makinalar (Teorik bilgi) c.4- ;Doğru akım makinaları.(Teorik bilgi).
650 #0 - KONU BAŞLIĞI EK GİRİŞ - KONU TERİMİ
Konusal terim veya coğrafi ad Elektrik makineleri.
9 (RLIN) 2670
650 #0 - KONU BAŞLIĞI EK GİRİŞ - KONU TERİMİ
Konusal terim veya coğrafi ad Electric machinery.
9 (RLIN) 3359
830 1# - SERİ EK GİRİŞİ - TEKBİÇİM ESER ADI
Tekbiçim Başlık Beta Yayınları ;
Volume number/sequential designation No.167.
9 (RLIN) 3499
830 1# - SERİ EK GİRİŞİ - TEKBİÇİM ESER ADI
Tekbiçim Başlık Teknik Dizi ;
Volume number/sequential designation No.3
9 (RLIN) 3500
942 ## - EK GİRİŞ ÖGELERİ (KOHA)
Source of classification or shelving scheme Library of Congress Classification
Koha item type Book
Holdings
Materyal Türü Kalıcı Konum Mevcut Konum Raf Yeri Sınıflandırma Kaynağı Edinim Bilgisi Ana Konular Alt Konular Yer Numarası Cilt Bilgisi Demirbaş Numarası Fatura Tarihi Maliyet, Alış Fiyatı Maliyet, Yenileme Fiyatı Geri Çekilme Durumu Kayıp Durumu Hasarlı Durumu Kredi için değil Kayıt Tarih Toplam Ödünçverme Son Görülme Tarihi Son Kontrol Tarihi
Book Prof. Dr. Azmi Özcan Kütüphanesi Prof. Dr. Azmi Özcan Kütüphanesi Birûni Salonu Library of Congress Classification Satın TEKNOLOJİ Elektrik Mühendisliği, Elektronik, Nükleer Mühendislik TK2181 .B63 1988 c.2/k.1 0000913 12/12/2008 20.73 20.73         12/12/2008   05/12/2024 05/12/2024